| 000 | 00436nam a22001457a 4500 | ||
|---|---|---|---|
| 999 |
_c7637 _d7637 |
||
| 008 | 220201b ||||| |||| 00| 0 eng d | ||
| 020 | _a9788418952531 | ||
| 040 | _aCDMR | ||
| 100 |
_94820 _aBielsa-Gibaja, J.M. |
||
| 245 |
_aEso no estaba en mi libro de Historia del Periodismo / _cJ. M. Bielsa-Gibaja |
||
| 260 |
_aCórdoba: _bAlmuzara, _c2021 |
||
| 300 | _a285 pàgines | ||
| 650 | 0 |
_94187 _aPeriodisme _xAnècdotes |
|
| 942 |
_2udc _cMON |
||